000 00262nam a22001217a 4500
008 171226b xxu||||| |||| 00| 0 eng d
041 _aeng
080 _a94
100 _a16
101 _ahis
245 _aA HISTORY OF MEDICINE
_cMAJOR.R.H
942 _2udc
_cBK
999 _c39411
_d39411